El origen del mundo
Gespeichert in:
| 1. Verfasser: | |
|---|---|
| Format: | Buch |
| Sprache: | Spanisch |
| Veröffentlicht: |
Madrid
Orbis
1996
|
| Ausgabe: | 1a. ed |
| Schriftenreihe: | Grandes Pasiones de la Literatura
|
| Schlagworte: | |
| Tags: |
Tag hinzufügen
Keine Tags, Fügen Sie den ersten Tag hinzu!
|
MARC
| LEADER | 00000nam a2200000 a 4500 | ||
|---|---|---|---|
| 001 | UCH1286 | ||
| 003 | CL-VaPUC | ||
| 008 | 090416e19960000SP |||||||||||||||||spa|d | ||
| 020 | |a 844022110X | ||
| 082 | 0 | 4 | |a Ch863 |b EDW |2 21 |
| 100 | 0 | |a Edwards, Jorge |e author |9 371556 | |
| 245 | 1 | 3 | |a El origen del mundo |
| 250 | |a 1a. ed | ||
| 300 | |a 166 p | ||
| 942 | |c BK | ||
| 945 | |d 20090416 00:00:00 |a cmena | ||
| 260 | |a Madrid |b Orbis |c 1996 | ||
| 650 | 0 | |a Novelas chilenas |9 265425 | |
| 650 | 0 | |a Literatura chilena |9 308278 | |
| 583 | |a last modification |c 20090416 00:00:00 |k Rodrigo Vera | ||
| 490 | 0 | |a Grandes Pasiones de la Literatura | |
| 999 | |c 333338 |d 333336 | ||
| 952 | |0 0 |1 0 |4 0 |6 CH_863_000000000000000_EDW_1996 |7 0 |8 A |9 421682 |a BIBEDU |b BIBEDU |d 2019-11-22 |i 4523792 |o Ch863 EDW 1996 |p 4523792 |r 2019-11-22 |w 2019-11-22 |y BK |k LIT | ||
| 952 | |0 0 |1 0 |4 0 |6 CH_863_000000000000000_EDW_1996 |7 0 |8 A |9 421683 |a BIBEDU |b BIBEDU |d 2019-11-22 |i 4523806 |o Ch863 EDW 1996 |p 4523806 |r 2019-11-22 |w 2019-11-22 |y BK |k LIT | ||